Podstawy Prawoznastwa - Statystyki

Ogólne statystyki
  • Ten quiz został rozwiązany 15 razy
  • Średni wynik to 8 z 122
Statystyki odpowiedzi
Hint Odpowiedź % Poprawnych
Jednostka organizacyjna, której prawo przyznaje zdolność prawną Osoba prawna
75%
Prawo nie działa wstecz Lex retro non agit
63%
Uchylenie normy prawnej Derogacja
50%
Podział na władzę ustawodawczą, wykonawczą i sądowniczą Trójpodział władzy
50%
Zdolność do samodzielnego kształtowania sytuacji prawnej Zdolność do czynności prawnych
50%
Zdolność do bycia podmiotem praw i obowiązków w prawie cywilnym Zdolność prawna
50%
System oparty na aktach normatywnych Civil law / prawo kontynentalne
38%
System oparty na precedensach Common law / prawo precedensowe
38%
Osoba prawna typu (...) - osoba prawna oparta na majątku przeznaczonym na określony cel fundacyjnego
38%
Określa negatywne konsekwencje naruszenia normy Sankcja
38%
Prawo niesprawiedliwe nie jest prawem Lex iniusta non est lex
25%
Rozstrzygają sprzeczności między normami Reguły kolizyjne
25%
Podstawowy akt normatywny parlamentu Ustawa
25%
Akr zawierający normy generalne i abstrakcyjne Akt normatywny
13%
Odróżnienie sprawy od precedensu Distinguishing
13%
Nakaz uznania faktu za istniejący Domniemanie prawne
13%
Wskazuje nakazane, zakazane lub dozwolone zachowanie Dyspozycja
13%
Wyodrębniona część systemu prawa Gałąź prawa
13%
Określa warunki stosowania normy Hipoteza
13%
Zwrot niedookreślony, odsyłający do ocen pozaprawnych Klauzula generalna
13%
Osoba prawna typu (...) - osoba prawna oparta na członkostwie korporacyjnego
13%
Prawo rażąco niesprawiedliwe nie jest prawem (Formuła Radbrucha) Lex iniustissima non est lex
13%
Dotyczy nieoznaczonego kręgu adresatów i sytuacji Norma generalna i abstrakcyjna
13%
Dotyczy konkretnego adresata i sytuacji Norma indywidualna konkretna
13%
Odesłanie poza system prawa Odesłanie pozasystemowe
13%
System oparty na normach religijnych Prawo religijne
13%
System oparty na zwyczaju Prawo zwyczajowe
13%
Zasada mówiąca, że konstytucja ma najwyższą moc prawną Prymat konstytucji
13%
Utrata możliwości dochodzenia roszczenia z upływem czasu Przedawnienie
13%
Obowiązują bezwzględnie Przepisy imperatywne
13%
Regulują wejście w życie i uchylenie przepisów Przepisy końcowe
13%
Od nich można ustąpić tylko na korzyść jednej strony Przepisy semiimperatywne
13%
Akt wykonawczy wydany na podstawie ustawy Rozporządzenie
13%
Okres między ogłoszeniem aktu prawnego a jego wejściem w życie Vacatio legis
13%
Organy działają na podstawie i w granicach prawa Zasada legalizmu
13%
Ustanowienie norm prawnych Akt tworzenia prawa
0%
Wymagają podstawy w innym akcie Akty prawne niesamodzielne
0%
Obowiązek udowodnienia faktów Ciężar dowodu
0%
Przekazywanie kompetencji niższym szczeblom Decentralizacja władzy
0%
Utrata mocy normy przez długie niestosowanie Desuetudo
0%
Wniosek oparty na doświadczeniu Domniemanie faktyczne
0%
Domniemanie niemożliwe do obalenia Domniemanie niewzruszalne
0%
Domniemanie możliwe do obalenia Domniemanie wzruszalne
0%
Fakt uboczny, niepozostający w bezpośrednim związku z przestępstwem, który po zsumowaniu z innymi poszlakami pozwala na logiczne wnioskowanie Dowód poszlakowy
0%
Dodatkowe świadczenie lub nagroda Gratyfikacja
0%
Prawa osobiste i polityczne I generacja praw człowieka
0%
Prawa socjalne, ekonomiczne i kulturalne II generacja praw człowieka
0%
Prawa solidarnościowe III generacja praw człowieka
0%
Zespół norm regulujących określoną dziedzinę stosunków Instytucja prawna
0%
Sąd zna prawo Iura novit curia
0%
Prawo rozumiane jako sprawiedliwość lub uprawnienie Ius
0%
Prawo stanowione Lex
0%
Swoboda wyboru rozstrzygnięcia (np. użycie klauzul generalnych, takich jak "interes społeczny", "ważny powód" czy "dobre obyczaje") Luz decyzyjny / luz interpretacyjny
0%
Swoboda oceny dowodów Luz dowodowy
0%
Możliwość wyboru konsekwencji prawnych Luz wyboru konsekwencji prawnych
0%
Zakres czasowy, terytorialny, podmiotowy Moc obowiązywania aktu prawnego
0%
Zdolność wywołania skutków prawnych Moc prawa
0%
Nurt akcentujący postęp i racjonalizm Modernizm
0%
Wyjaśnienie zjawisk wyłącznie metodami naukowymi Naturalizm metodologiczny
0%
Dąży do wskazywania sposobów działania Nauka praktyczna
0%
Dąży do opisu i wyjaśnienia rzeczywistości Nauka teoretyczna
0%
Badają struktury abstrakcyjne Nauki formalne
0%
Pozwala adresatom kształtować sytuację odmiennie Norma dyspozytywna
0%
Przyznaje uprawnienia do stanowienia lub stosowania prawa Norma kompetencyjna
0%
Wyznacza cele organów władzy Norma programowa
0%
Opierają się na obserwacji i doświadczeniu Normy empiryczne
0%
Poboczne uwagi sądu bez mocy wiążącej Obiter dicta
0%
Warunek wejścia w życie aktów prawnych Obowiązek ogłaszania
0%
Obowiązki bez sankcji Obowiązki niedoskonałe
0%
Przepis niepełny, wymagający uzupełnienia Odesłanie blankietowe
0%
Odesłanie do innych przepisów systemu prawa Odesłanie systemowe
0%
Podstawowe normy wspólne systemom prawnym Ogólne zasady prawa
0%
Zmiana dotychczasowego precedensu Overruling
0%
Dominujący sposób myślenia w danej nauce Paradygmat
0%
Fakt z którego wyprowadza się domniemanie Podstawa domniemania
0%
Uznaje prawo stanowione za jedyne prawo Pozytywizm prawniczy
0%
Reguluje prawa i obowiązki podmiotów Prawo materialne
0%
Zbiór norm prawa procesowego określających, który system prawny reguluje dany spór prawny i której jurysdykcji ten spór podlega Prawo międzynarodowe prywatne
0%
Reguluje stosunki między państwami Prawo międzynarodowe publiczne
0%
Prawo stanowione przez organy nadrzędne Prawo pierwotne
0%
Reguluje tryb dochodzenia praw Prawo procesowe
0%
Funkcjonowanie organów państwa zgodnie z procedurami Praworządność formalna
0%
Zgodność prawa z wartościami konstytucyjnymi Praworządność materialna
0%
Prawo obowiązujące w danym państwie Prawo wewnętrzne
0%
Prawo stanowione na podstawie delegacje Prawo wtórne
0%
Faktycznie wpływa na orzecznictwo Precedens de facto
0%
Formalnie wiążący Precedens de iure
0%
Na pierwszy rzut oka Prima facie
0%
Rozstrzyganie spraw na podstawie prawa Proces stosowania prawa
0%
Stanowienie norm prawnych Proces tworzenia prawa
0%
Przyznają możliwość określonego działania Przepisy dozwalające
0%
Obowiązują gdy strony nie uregulują kwestii inaczej Przepisy dyspozytywne
0%
Nakładają obowiązek określonego działania Przepisy nakazujące
0%
Regulują kwestia podstawowe i wspólne Przepisy ogólne
0%
Regulują kwestie wąskie, szczegółowe Przepisy szczegółowe
0%
Akcentuje psychikę uczestników procesu prawnego Psychologizm prawniczy
0%
Zasadnicza podstawa rozstrzygnięcia sądu Ratio decidendi
0%
Bada prawo przez praktykę jego stosowania Realizm prawniczy
0%
Norma późniejsza uchyla regułę wcześniejszą Reguła chronologiczna
0%
Norma wyższa uchyla normę niższą Reguła hierarchiczna
0%
Norma szczególna uchyla normę ogólną Reguła merytoryczna
0%
Wskazują sposób wykładni prawa Reguły interpretacyjne
0%
Porządkują normy w systemie Reguły systematyzujące
0%
Określają które normy obowiązują Reguły walidacyjne
0%
Regulacje wynikające z funkcji norm Relacje funkcjonalne
0%
Relacje między normami a regulowaną rzeczywistością Relacje przedmiotowe
0%
Relacje decydujące o obowiązywaniu prawa Relacje walidacyjne
0%
Wnioskowanie zgodne z zasadami logiki Rozumowanie logiczne
0%
Konsekwencje przewidziane przez prawo Skutki prawne
0%
Sprawiedliwy podział dóbr Sprawiedliwość dystrybutywna
0%
Sprawiedliwość wymiany Sprawiedliwość komutatywna
0%
Rzetelność procedur Sprawiedliwość proceduralna
0%
Podciągnięcie stanu faktycznego pod normę prawną Subsumpcja
0%
Zdolność postrzegania i rozumienia rzeczywistości Świadomość
0%
Pojęcie zawierające ocenę Termin wartościujący
0%
Porozumienie między podmiotami prawa międzynarodowego Umowa międzynarodowa
0%
Rekonstrukcja normy z przepisów Ustalenie normy prawnej
0%
Określenie faktów sprawy Ustalenie stanu faktycznego
0%
Prawo formalnie obowiązujące, lecz rażąco niesprawiedliwe Ustawowe bezprawie
0%
Procesowa zasada prawna zabraniająca sądowi lub organowi odwoławczemu orzekania na niekorzyść strony, która wniosła środek odwoławczy Zakaz reformationis in peius
0%
Wiążący charakter norm międzynarodowych Zasada przestrzegania prawa międzynarodowego
0%
Utrwalona praktyka uznana za wiążącą Zwyczaj
0%
Nie znaleziono quizów pasujących do podanych kryteriów
Rozkład punktacji
Procent ludzi z każdym wynikiem
Percentyl według liczby udzielonych odpowiedzi
Twoja historia wyników
Nie rozwiązałeś tego quizu